Les Persones majors de 40 anys : anàlisi de les accions subvencionades pel Fons Social Europeu Objectiu 3 que han beneficiat aquest col·lectiu en el període 1994 - 1997 anàlisi de les accions subvencionades pel Fons Social Europeu Objectiu 3 que han beneficiat aquest col·lectiu en el període 1994 - 1997
ISBN:
84-7794-646-9
Descripción Física:
87 p., taules ; 24 cm
Colección:
Quaderns del Fons Social Europeu ; 5
MARC
| LEADER | 00000nam a2200000Ia 4500 | ||
|---|---|---|---|
| 001 | 12321 | ||
| 008 | 160829s1999 xx 000 0 cat d | ||
| 020 | |a 84-7794-646-9 | ||
| 080 | |a S-1-31 | ||
| 245 | |a Les Persones majors de 40 anys : |b anàlisi de les accions subvencionades pel Fons Social Europeu Objectiu 3 que han beneficiat aquest col·lectiu en el període 1994 - 1997 | ||
| 260 | |a Barcelona : |b Diputació de Barcelona, |c 1999 | ||
| 300 | |a 87 p., taules ; |c 24 cm | ||
| 490 | |a Quaderns del Fons Social Europeu ; 5 | ||
| 650 | |a Persones de mitjana edat |x Treball |9 39637 | ||
| 650 | 0 | |a Integració social |9 35992 | |
| 710 | 1 | |a Barcelona (Catalunya : Província). |b Diputació |9 52408 | |
| 710 | 2 | |a Fons Social Europeu |9 7014 | |
| 901 | |a Arxiu | ||
| 942 | |n 1 | ||
| 952 | |0 0 |1 0 |4 0 |6 S131 |7 1 |9 47347 |a Arxiu |b Arxiu |d 2016-12-01 |l 0 |o S-1-31 |p 12321 |r 2016-12-01 00:00:00 |w 2016-12-01 |y ARXIU | ||
| 999 | |c 51145 |d 51145 | ||